| 000 | 00490nam a2200181Ia 4500 | ||
|---|---|---|---|
| 008 | 240925s9999 xx 000 0 und d | ||
| 020 | _a9789332535237 | ||
| 082 | _a512.7 SIL | ||
| 100 | _aSilverman, Joseph H. | ||
| 245 | 2 | _aA Friendly Introduction to Number Theory | |
| 250 | _a4th | ||
| 260 |
_aNew Delhi: _bPearson Education _c,2014. |
||
| 300 |
_a362p. _b0 _fOriginal |
||
| 500 | _aIncludes Index | ||
| 600 | _aHumanities & Natural Science | ||
| 650 | _aMathematics | ||
| 942 | _cBK | ||
| 999 |
_c17314 _d17314 |
||